| 000 -LEADER | |
|---|---|
| fixed length control field | 00410nam a22001697a 4500 |
| 005 - DATE AND TIME OF LATEST TRANSACTION | |
| control field | 20160621164325.0 |
| 008 - FIXED-LENGTH DATA ELEMENTS--GENERAL INFORMATION | |
| fixed length control field | 160621b xxu||||| |||| 00| 0 eng d |
| 020 ## - INTERNATIONAL STANDARD BOOK NUMBER | |
| ISBN | 978-81-265-2051-0 |
| 041 ## - LANGUAGE CODE | |
| Language code of text/sound track or separate title | eng |
| 082 ## - DEWEY DECIMAL CLASSIFICATION NUMBER | |
| Item number | 8809 |
| 100 ## - MAIN ENTRY--AUTHOR NAME | |
| Personal name | Silkerschatz.Abraham and others |
| 245 ## - TITLE STATEMENT | |
| Title | Operation System concepts |
| 260 ## - PUBLICATION, DISTRIBUTION, ETC. (IMPRINT) | |
| Name of publisher | Wily |
| 300 ## - PHYSICAL DESCRIPTION | |
| Number of Pages | 921 |
| 650 ## - SUBJECT ADDED ENTRY--TOPICAL TERM | |
| Topical Term | Information Technology |
| 942 ## - ADDED ENTRY ELEMENTS (KOHA) | |
| Koha item type | Books |
| Lost status | Damaged status | Home library | Date acquired | Full call number | Accession Number | Koha item type | Collection code | Current library | Shelving location |
|---|---|---|---|---|---|---|---|---|---|
| JRU Library | 21/06/2016 | 8809 | 8809 | Books | |||||
| JRU Library | 21/06/2016 | 005.43 | 8810 | Books | CS/IT | JRU Library | SHELF-51-A |